| 000 | 00506nam a2200169 i 4500 | ||
|---|---|---|---|
| 001 | 95967 | ||
| 003 | ES-MaACL | ||
| 007 | t| | ||
| 008 | 050608s1948 ag ||||1| spa d | ||
| 100 | 1 |
_aMach, Ernst. _975150 |
|
| 245 | 1 | 0 |
_aConocimiento y error / _cErnst Mach; traducción de Cortés Plá. |
| 250 | _a[1ª ed. especialmente preparada]. | ||
| 260 |
_aBuenos Aires : _bEspasa-Calpe, _c1948. |
||
| 300 |
_a309 p., 3 h. ; _c20 cm. |
||
| 700 | 1 |
_aCortés Plá. _940898 |
|
| 852 |
_aES-MaACL _jB-7840 _bR.28659 |
||
| 999 |
_c95967 _d95967 |
||